| 000 | 00981nam a2200277 i 4500 | ||
|---|---|---|---|
| 001 | bg | ||
| 100 | 1 | _aKETTLE, S. F. A. | |
| 245 | 1 | 0 |
_aFizyczna chemia nieorganiczna : _bna przykładzie chemii koordynacyjnej / _cS. ; z ang. tł. Jerzy Kuryłowicz _nF. _nA. Kettle. |
| 246 |
_iTyt. oryg.: _aPhysical inorganic chemistry |
||
| 260 |
_aWarszawa : _bWydaw. Naukowe PWN, _c1999. |
||
| 300 |
_a605, [1] s. : _brys., wykr. ; _c25 cm. |
||
| 500 | _aTyt. oryg. : "Physical inorganic chemistry" 1996. | ||
| 504 | _aBibliogr. przy rozdz. | ||
| 650 | 9 |
_aChemia fizyczna _xzagadnienia |
|
| 650 | 9 |
_aChemia nieorganiczna _xzagadnienia |
|
| 650 | 9 | _aZwiązki kompleksowe | |
| 655 | _aPodręczniki akademickie | ||
| 020 | _a8301128402 | ||
| 040 | _cBPK | ||
| 041 | 1 |
_apl _hen |
|
| 080 | _a546-38:544](075.8) | ||
| 920 | _a83-01-12840-2 | ||
| 942 | _cKS | ||
| 008 | s pl f |000 0 pol | ||
| 999 |
_c40103 _d40103 |
||
| 856 |
_uhttp://koha.tu.koszalin.pl/cgi-bin/koha/opac-detail.pl?biblionumber=40103 _yKatalog online BPK |
||